000 00822nam a22002177a 4500
999 _c16326
_d16326
003 AR-CdUCM
008 190503b ||||| |||| 00| 0 spa d
040 _aMUNICIPALIDAD PROVINCIAL DEL CUSCO
_cBIBLIOTECA MUNICIPAL DEL CUSCO
082 _a848.4 /
_bB75
100 _aBossuet, Jacques Bénigne
_929978
245 _aOraciones fúnebres /
260 _aBuenos Aires :
_bTor,
_c1943.
300 _a125 páginas ;
_c18.5 cm.
505 _aContenido: Oración fúnebre de la reina de Gran Bretaña -- Oración fúnebre de la duquesa de Orleáns -- Oración fúnebre del príncipe de Condé.
650 _aLiteratura francesa
_9913
650 _aNecrologías, homenajes
_935711
650 _aSiglo XVII
_92242
700 _aGinard de la Rosa, Rafael (prólogo)
_935712
942 _2ddc
_cLIBROS
945 _aachl
_d2019-05-03